Road transport research Pavement management systems (Record no. 547643)
[ view plain ]
| 000 -LEADER | |
|---|---|
| fixed length control field | 00745pam a2200205 a 4500 |
| 020 ## - INTERNATIONAL STANDARD BOOK NUMBER | |
| International Standard Book Number | 0898744075 |
| 082 00 - DEWEY DECIMAL CLASSIFICATION NUMBER | |
| Classification number | 625.8 |
| Author Mark | ORG |
| -- | L-18, P-21 |
| 100 1# - MAIN ENTRY--PERSONAL NAME | |
| Personal name | Organization of economics cooperation |
| 9 (RLIN) | 43785 |
| 245 10 - TITLE STATEMENT | |
| Title | Road transport research Pavement management systems |
| 260 ## - PUBLICATION, DISTRIBUTION, ETC. | |
| Place of publication, distribution, etc. | Paris : |
| Name of publisher, distributor, etc. | OECD,: |
| Date of publication, distribution, etc. | 1987 |
| 300 ## - PHYSICAL DESCRIPTION | |
| Extent | xvi, 160 p. : |
| Other physical details | ill. ; |
| Dimensions | 24 cm. |
| 500 ## - GENERAL NOTE | |
| General note | Reprint. Originally published: New York : McGraw-Hill, 1978. |
| 526 ## - STUDY PROGRAM INFORMATION NOTE | |
| Program name | 0 |
| Interest level | 0 |
| Reading level | 0 |
| Title point value | 625_800000000000000_ORG |
| 526 ## - STUDY PROGRAM INFORMATION NOTE | |
| Program name | 0 |
| Interest level | 0 |
| Reading level | 0 |
| Title point value | 625_800000000000000_ORG |
| 650 #0 - SUBJECT ADDED ENTRY--TOPICAL TERM | |
| Topical term or geographic name entry element | MCE |
| 9 (RLIN) | 379 |
| 650 #0 - SUBJECT ADDED ENTRY--TOPICAL TERM | |
| Topical term or geographic name entry element | Pavements |
| General subdivision | Design and construction |
| -- | Management. |
| 9 (RLIN) | 43786 |
| 650 #0 - SUBJECT ADDED ENTRY--TOPICAL TERM | |
| Topical term or geographic name entry element | Pavements |
| General subdivision | Maintenance and repair |
| -- | Management. |
| 9 (RLIN) | 21695 |
| 700 1# - ADDED ENTRY--PERSONAL NAME | |
| Personal name | Hudson, W. Ronald. |
| 9 (RLIN) | 43787 |
| 942 ## - ADDED ENTRY ELEMENTS (KOHA) | |
| Source of classification or shelving scheme | |
| Koha item type | Book |
| Withdrawn status | Lost status | Source of classification or shelving scheme | Damaged status | Not for loan | Permanent Location | Current Location | Date acquired | Total Checkouts | Full call number | Barcode | Date last seen | Price effective from | Koha item type |
|---|---|---|---|---|---|---|---|---|---|---|---|---|---|
| Military College of Engineering (MCE) | Military College of Engineering (MCE) | 07/24/2014 | 625.8 ORG | MCE-26420 | 07/24/2014 | 07/24/2014 | Book | ||||||
| Military College of Engineering (MCE) | Military College of Engineering (MCE) | 07/24/2014 | 625.8 ORG | MCE-24895 | 07/24/2014 | 07/24/2014 | Book |
